000 00662cam a22002293a 4500
001 4322
003 PGUSA
005 20140828083052.0
008 030801s2003||||xxu|||||s|||||000 | eng d
040 _aPGUSA
_beng
042 _adc
050 4 _aDS
100 1 _aHoenshel, Elmer U.
_q(Elmer Ulysses),
_d1864-
245 1 0 _aMy Three Days in Gilead
_h[electronic resource] /
_cElmer U. Hoenshel
260 _bProject Gutenberg,
_c2003
506 _aPublic domain in the USA.
516 _aElectronic text
653 _aPalestine -- Description and travel
830 0 _aProject Gutenberg
_v4322
856 4 0 _uhttp://www.gutenberg.org/ebooks/4322
942 _cEB
999 _c233651
_d233651